| 000 | 01056nam a2200289Ia 4500 | ||
|---|---|---|---|
| 003 | IN-BaIIA | ||
| 008 | 211028s9999 xx s 000 0 eng d | ||
| 020 | _a978-3-642-32162-7 (Print) | ||
| 020 | _a978-3-642-32163-4 (Online) | ||
| 022 | _a0075-8450 (Print) | ||
| 022 | _a1616-6361 (Online) | ||
| 040 | _cIIA Library | ||
| 100 |
_aNurushev, Sandibek B. _938982 |
||
| 245 | 0 |
_aIntroduction to Polarization Physics _h[eBook] |
|
| 260 |
_aHeidelberg, Berlin _bSpringer Berlin Heidelberg _c2013 |
||
| 300 | _aOnline resource | ||
| 490 | _aLecture Notes in Physics | ||
| 650 | _a Atoms and Molecules in Strong Fields, Laser Matter Interaction | ||
| 650 |
_a Nuclear Physics, Heavy Ions, Hadrons _938413 |
||
| 650 | _a Particle Acceleration and Detection, Beam Physics | ||
| 650 |
_a Quantum Information Technology, Spintronics _938325 |
||
| 650 |
_aPhysics _973 |
||
| 700 |
_aRuntso, Mikhail F. _938983 |
||
| 700 |
_aStrikhanov, Mikhail N. _938984 |
||
| 856 |
_uhttp://doi.org/10.1007/978-3-642-32163-4 _yClick Here to Access eBook |
||
| 942 | _cEB | ||
| 999 |
_c21929 _d21929 |
||